000 00349nam a2200145 a 4500
003 AR-BaBNM
005 20251128202834.0
008 082120s2002 ||||||||||||||000 | spa||
040 _cAR-BaBNM
100 1 _aPrampolini, Santiago
245 0 0 _aHistoria universal de la literatura
_n3
260 _a[S.l.]
_bTEHA
_c1940
942 _cBK
998 _cenrique
999 _c826
_d826